| 000 | 00412nam a22001697a 4500 | ||
|---|---|---|---|
| 003 | SGT | ||
| 020 | _a9789392544972 | ||
| 082 |
_a615.53 _bR24C |
||
| 100 | _aCCRAS, MINISTRY OF AYUSH | ||
| 245 | _aRASAYANATARAMGINI & RASASASTRAGRAMTHA | ||
| 250 | _a1ST | ||
| 260 |
_aNEW DELHI _bCCRAS _c2024 |
||
| 300 | _a71 | ||
| 650 | _aAYURVEDA | ||
| 653 | _aRASA , RASAYANATARAMGINI, RASASASTRAGRAMTHA | ||
| 942 |
_2ddc _cBK |
||
| 999 |
_c34712 _d34712 |
||